Jelmaan harimau

Bibliographic Details
Main Author: Zamrin
Corporate Author: Title
Format: Book
Published: Kuala Lumpur : Penerbitan Fargoes , 2002
Series:Siri Hadi
Subjects:

MARC

LEADER 00000cam a2200000 7i4500
001 0000054673
005 20151222.0
008 151108
020 |a 9831511735 
090 0 0 |a AD   |b MAL 
100 0 |a Zamrin 
245 1 0 |a Jelmaan harimau   |c Zamrin 
260 |a Kuala Lumpur :   |b Penerbitan Fargoes ,   |c 2002 
440 0 |a Siri Hadi 
500 |a Children ages 7-9 years old (orange) 
650 0 |a Detective and mystery stories, Malay 
650 0 |a Malay fiction 
710 0 |a Title 
999 |a 0000777370   |b Book   |c Children Collection   |e Cawangan Pontian 
999 |a 0000777371   |b Book   |c Children Collection   |e Cawangan Pontian 
999 |a 0000777372   |b Book   |c Children Collection   |e Cawangan Pontian 
999 |a 0000777373   |b Book   |c Children Collection   |e Cawangan Pontian 
999 |a 0000777374   |b Book   |c Children Collection   |e Cawangan Pontian 
999 |a 0000841633   |b Book   |c Children Collection   |e Cawangan Segamat 
999 |a 0000841634   |b Book   |c Children Collection   |e Cawangan Segamat 
999 |a 0000841635   |b Book   |c Children Collection   |e Cawangan Segamat 
999 |a 0000868205   |b Book   |c Children Collection   |e Cawangan Taman Universiti 
999 |a 0000868206   |b Book   |c Children Collection   |e Cawangan Pontian 
999 |a 0000868208   |b Book   |c Children Collection   |e Cawangan Bandar Penawar 
999 |a 0000868210   |b Book   |c Children Collection   |e Cawangan Mersing